Welcome to CU Library Online Public Access Catalogue (OPAC)

Organic Chemistry/ (Record no. 1864)

MARC details
000 -LEADER
fixed length control field 00543nam a22001697a 4500
005 - DATE AND TIME OF LATEST TRANSACTION
control field 20241130141004.0
008 - FIXED-LENGTH DATA ELEMENTS--GENERAL INFORMATION
fixed length control field 241130b |||||||| |||| 00| 0 eng d
050 ## - LIBRARY OF CONGRESS CALL NUMBER
Classification number 9780471448907
082 ## - DEWEY DECIMAL CLASSIFICATION NUMBER
Edition information QD253.2
Classification number .S65
100 ## - MAIN ENTRY--PERSONAL NAME
Personal name Solomons, T. W. Graham
245 ## - TITLE STATEMENT
Title Organic Chemistry/
Statement of responsibility, etc. T. W. Graham Solomons & Craig B. Fryhle
250 ## - EDITION STATEMENT
Edition statement 8th ed.
Remainder of edition statement Wiley International Edition
260 ## - PUBLICATION, DISTRIBUTION, ETC.
Place of publication, distribution, etc. Hoboken, NJ
Name of publisher, distributor, etc. John WILEY & Sons, Inc.
Date of publication, distribution, etc. 2004
300 ## - PHYSICAL DESCRIPTION
Extent xxxii.1255p.
Other physical details ill. some color
Dimensions 25cm
700 ## - ADDED ENTRY--PERSONAL NAME
Personal name Fryhle, Craig B.
942 ## - ADDED ENTRY ELEMENTS (KOHA)
Source of classification or shelving scheme Library of Congress Classification
Koha item type Books
Edition 8th ed.
Suppress in OPAC No
999 ## -
-- 1864
-- 1864
Holdings
Withdrawn status Lost status Source of classification or shelving scheme Damaged status Not for loan Collection Home library Current library Shelving location Date acquired Total checkouts Full call number Barcode Date last seen Copy number Price effective from Koha item type
    Library of Congress Classification     Non-fiction Science Library (Miotso) Science Library (Miotso) General stacks 11/30/2024   QD253.2 .S65 SOL SLM00001077 11/30/2024 1 11/30/2024 Books
    Library of Congress Classification     Non-fiction Science Library (Miotso) Science Library (Miotso) General stacks 11/30/2024   QD253.2 .S65 SOL SLM00001078 11/30/2024 2 11/30/2024 Books
    Library of Congress Classification     Non-fiction Science Library (Miotso) Science Library (Miotso) General stacks 11/30/2024   QD253.2 .S65 SOL SLM00001079 11/30/2024 3 11/30/2024 Books
    Library of Congress Classification     Non-fiction Science Library (Miotso) Science Library (Miotso) General stacks 11/30/2024   QD253.2 .S65 SOL SLM00001080 11/30/2024 4 11/30/2024 Books
    Library of Congress Classification     Non-fiction Science Library (Miotso) Science Library (Miotso) General stacks 11/30/2024   QD253.2 .S65 SOL SLM00001081 11/30/2024 5 11/30/2024 Books
© 2023-2024 Copyright: Central University Libraries. All Rights Reserved | Created by: Mahone Tech Office